But smoking makes me happy : the link between nicotine and depression (Record no. 422991)

MARC details
000 -LEADER
fixed length control field 00317nam a2200097Ia 4500
082 ## - DEWEY DECIMAL CLASSIFICATION NUMBER
Classification number J 616.8650651 HUNT
008 - FIXED-LENGTH DATA ELEMENTS--GENERAL INFORMATION
fixed length control field 210817s9999 xx 000 0 und d
100 ## - MAIN ENTRY--PERSONAL NAME
Personal name HUNTER, David Broomall, [c.2009]
9 (RLIN) 99577
245 #0 - TITLE STATEMENT
Title But smoking makes me happy : the link between nicotine and depression
942 ## - ADDED ENTRY ELEMENTS
item type Books

No items available.